|
|
|
|
| LEADER |
00815nam a2200193 i 4500 |
| 001 |
publ22977 |
| 005 |
20211202081424.0 |
| 008 |
211202s2021 hu o 0|| Angol d |
| 020 |
|
|
|a 9786156268105
|
| 024 |
7 |
|
|a 32010151
|2 mtmt
|
| 040 |
|
|
|a SZTE Publicatio Repozitórium
|b hun
|
| 041 |
|
|
|a Angol
|
| 100 |
1 |
|
|a Lukács Adrienn
|
| 245 |
1 |
0 |
|a Employees’ Right to Privacy and Right to Data Protection on Social Network Sites
|h [elektronikus dokumentum] :
|b with Special Regard to France and Hungary /
|c Lukács Adrienn
|
| 260 |
|
|
|a Iurisperitus Bt.
|b Szeged
|c 2021
|
| 300 |
|
|
|a 348
|
| 490 |
0 |
|
|a A Pólay Elemér Alapítvány Könyvtára
|
| 650 |
|
4 |
|a Jogtudomány
|
| 856 |
4 |
0 |
|u http://publicatio.bibl.u-szeged.hu/22977/1/Lukacs_EmployeesRighttoPrivacyandRight_to_Data_Protection_on_Social_Network_Sites_2021.pdf
|z Dokumentum-elérés
|